[Event "Doeberl Cup 56th"]
[Site "Canberra"]
[Date "2018.04.01"]
[Round "8"]
[White "Chen, Pengyu"]
[Black "Otawa, Yuto"]
[Result "1-0"]
[WhiteElo "2273"]
[BlackElo "1895"]
[PlyCount "193"]
[EventDate "2018.03.29"]
[EventType "swiss"]
[EventRounds "9"]
[EventCountry "AUS"]
[SourceTitle "CBM 187 Extra"]
[Source "ChessBase"]
[SourceDate "2018.11.04"]
[SourceVersion "1"]
[SourceVersionDate "2018.11.04"]
[SourceQuality "1"]

1. Nf3 c5 2. e4 e6 3. c3 d5 4. exd5 exd5 5. Bb5+ Nc6 6. 0-0 Nf6 7. d4 Be7 8. dxc5 Bxc5 9. Re1+ Be6 10. Be3 Bxe3 11. Rxe3 0-0 12. Na3 Qb6 13. Qe2 d4 14. cxd4 Nxd4 15. Nxd4 Qxd4 16. Rd1 Qb6 17. Bc4 Rae8 18. Bxe6 Rxe6 19. Nc4 Rxe3 20. Qxe3 Qxe3 21. Nxe3 g6 22. g4 g5 23. Rd6 Kg7 24. h4 gxh4 25. Nf5+ Kg6 26. Nxh4+ Kg7 27. Nf5+ Kg6 28. Nh4+ Kg7 29. g5 Ne4 30. Nf5+ Kg8 31. Rd7 Nxg5 32. Rxb7 Ra8 33. a4 a5 34. Rb5 Ne6 35. Ne7+ Kg7 36. Nc6 Ra6 37. Nxa5 Nc7 38. Re5 Kf6 39. f4 Ne6 40. b3 Nxf4 41. Nc4 h5 42. Rb5 Ne2+ 43. Kf2 Nd4 44. Rxh5 Kg6 45. Ra5 Rf6+ 46. Ke3 Nxb3 47. Rb5 Ra6 48. Rxb3 Rxa4 49. Nd2 Ra1 50. Nf3 Ra4 51. Rb5 f5 52. Rb6+ Kf7 53. Nd2 Ke7 54. Nb3 Kf7 55. Nc5 Ra5 56. Nd3 Ra4 57. Nb4 Ke7 58. Kf4 Kd7 59. Ke5 f4 60. Rb7+ Kc8 61. Rb5 Kd7 62. Kd5 Ra1 63. Rb7+ Kc8 64. Rf7 f3 65. Nd3 f2 66. Nxf2 Ra5+ 67. Kc6 Ra6+ 68. Kb5 Re6 69. Nd3 Kd8 70. Nc5 Rg6 71. Kc4 Ke8 72. Ra7 Rd6 73. Ne4 Rd1 74. Nc3 Rd6 75. Nd5 Rc6+ 76. Kd4 Rh6 77. Ke5 Rc6 78. Nc7+ Kd8 79. Ne6+ Kc8 80. Kd5 Rc1 81. Nc5 Kd8 82. Kd6 Rd1+ 83. Ke5 Re1+ 84. Ne4 Kc8 85. Kd5 Rd1+ 86. Kc6 Kd8 87. Nf6 Rc1+ 88. Kd6 Kc8 89. Nd5 Rd1 90. Ra3 Kb7 91. Rb3+ Ka6 92. Kc6 Rc1+ 93. Nc3 Ka7 94. Kc7 Ra1 95. Rb4 Ra6 96. Rb7+ Ka8 97. Rb8+ 1-0

[Event "Doeberl Cup 56th"]
[Site "Canberra"]
[Date "2018.03.30"]
[Round "4"]
[White "Ma, Qun"]
[Black "Chen, Pengyu"]
[Result "1-0"]
[WhiteElo "2645"]
[BlackElo "2273"]
[PlyCount "77"]
[EventDate "2018.03.29"]
[EventType "swiss"]
[EventRounds "9"]
[EventCountry "AUS"]
[SourceTitle "CBM 187 Extra"]
[Source "ChessBase"]
[SourceDate "2018.11.04"]
[SourceVersion "1"]
[SourceVersionDate "2018.11.04"]
[SourceQuality "1"]

1. e4 c5 2. Nf3 d6 3. d4 cxd4 4. Qxd4 Nc6 5. Bb5 Bd7 6. Bxc6 Bxc6 7. Nc3 Nf6 8. Bg5 e6 9. 0-0-0 Be7 10. Qd3 Qa5 11. Bd2 Qc7 12. Nd4 0-0 13. f4 Rfe8 14. Rhg1 d5 15. e5 Nd7 16. g4 a6 17. h4 b5 18. Nce2 b4 19. Kb1 Bb5 20. Qf3 Rec8 21. Be3 Bxe2 22. Qxe2 a5 23. g5 Nf8 24. h5 a4 25. Qd3 Qc4 26. Rg2 a3 27. b3 Qc3 28. Qxc3 Rxc3 29. Bd2 Rcc8 30. Rc1 Nd7 31. g6 hxg6 32. hxg6 Bc5 33. c3 Nf8 34. gxf7+ Kxf7 35. Nb5 bxc3 36. Rxc3 Nd7 37. Bc1 Rcb8 38. Nd6+ Kf8 39. Rcg3 1-0

[Event "Doeberl Cup 56th"]
[Site "Canberra"]
[Date "2018.03.29"]
[Round "2"]
[White "Kunte, Abhijit"]
[Black "Chen, Pengyu"]
[Result "0-1"]
[WhiteElo "2499"]
[BlackElo "2273"]
[PlyCount "74"]
[EventDate "2018.03.29"]
[EventType "swiss"]
[EventRounds "9"]
[EventCountry "AUS"]
[SourceTitle "CBM 187 Extra"]
[Source "ChessBase"]
[SourceDate "2018.11.04"]
[SourceVersion "1"]
[SourceVersionDate "2018.11.04"]
[SourceQuality "1"]

1. Nf3 c5 2. g3 Nc6 3. Bg2 g6 4. 0-0 Bg7 5. c3 e5 6. e4 Nge7 7. d3 0-0 8. a3 d6 9. b4 h6 10. Nbd2 Be6 11. Rb1 b6 12. Bb2 f5 13. Re1 Qd7 14. exf5 gxf5 15. Nh4 Rae8 16. Qa4 Kh7 17. Nc4 Bf6 18. Nf3 e4 19. b5 Na5 20. Nfd2 Nxc4 21. dxc4 Ng6 22. f3 Rg8 23. Qc2 Kh8 24. fxe4 f4 25. e5 Bf5 26. Be4 Bxe4 27. Nxe4 Bxe5 28. Qd2 Nh4 29. Rf1 Rg6 30. Rbe1 Qg4 31. Qe2 fxg3 32. Qxg4 gxh2+ 33. Kh1 Rxg4 34. Nf6 Rg1+ 35. Rxg1 hxg1Q+ 36. Kxg1 Nf3+ 37. Kf1 Re6 0-1

[Event "Groningen op-A 53rd"]
[Site "Groningen"]
[Date "2015.12.24"]
[Round "4"]
[White "Golubov, Saveliy"]
[Black "Chen, Pengyu"]
[Result "1-0"]
[WhiteElo "2452"]
[BlackElo "2289"]
[PlyCount "73"]
[EventDate "2015.12.21"]
[EventType "swiss"]
[EventRounds "9"]
[EventCountry "NED"]
[SourceTitle "CBM 170 Extra"]
[Source "ChessBase"]
[SourceDate "2016.02.25"]
[SourceVersion "1"]
[SourceVersionDate "2016.02.25"]
[SourceQuality "1"]

1. Nf3 c5 2. g3 Nc6 3. Bg2 e5 4. d3 g6 5. 0-0 Bg7 6. c4 Nge7 7. Nc3 0-0 8. a3 d6 9. Rb1 a5 10. Ne1 Be6 11. Nc2 d5 12. cxd5 Nxd5 13. Ne4 b6 14. Ng5 Bc8 15. Ne3 Nde7 16. b4 axb4 17. axb4 cxb4 18. Bd2 Ra2 19. Ne4 Be6 20. Bxb4 Nxb4 21. Rxb4 Nc6 22. Rb1 Nd4 23. Nc3 Ra3 24. Ned5 Bxd5 25. Nxd5 Ra5 26. Nxb6 Ra2 27. Re1 Bh6 28. Nc4 Qf6 29. Rb2 Rxb2 30. Nxb2 Rd8 31. Nc4 Bf8 32. Qa4 Bc5 33. e3 Ne6 34. Qc6 Rxd3 35. Bd5 Rc3 36. Bxe6 Kg7 37. Qxc5 1-0

[Event "London Classic op 7th"]
[Site "London"]
[Date "2015.12.09"]
[Round "7"]
[White "Chen, Pengyu"]
[Black "Wells, Peter K"]
[Result "1/2-1/2"]
[WhiteElo "2289"]
[BlackElo "2442"]
[PlyCount "83"]
[EventDate "2015.12.04"]
[EventType "swiss"]
[EventRounds "9"]
[EventCountry "ENG"]
[SourceTitle "CBM 169 Extra"]
[Source "ChessBase"]
[SourceDate "2015.12.18"]
[SourceVersion "1"]
[SourceVersionDate "2015.12.18"]
[SourceQuality "1"]

1. e4 e5 2. Nf3 Nc6 3. Bc4 Nf6 4. d3 Be7 5. Bb3 0-0 6. 0-0 d6 7. c3 h6 8. Nbd2 Nh7 9. Nc4 Ng5 10. Nxg5 Bxg5 11. f4 exf4 12. Bxf4 Bxf4 13. Rxf4 Ne5 14. Qe2 Nxc4 15. Bxc4 Qe7 16. Qh5 Be6 17. Bb3 Qg5 18. Qxg5 hxg5 19. Rf3 Rfe8 20. Bxe6 Rxe6 21. Kf2 f6 22. Rh1 Rae8 23. Rf5 c6 24. c4 g6 25. Ra5 f5 26. Rxa7 fxe4 27. d4 e3+ 28. Ke2 R8e7 29. Ra3 Re4 30. Rd1 Kf7 31. Rdd3 Rh4 32. Rxe3 Rxh2 33. Rxe7+ Kxe7 34. Rb3 Rxg2+ 35. Kf3 Rc2 36. Rxb7+ Ke6 37. d5+ cxd5 38. cxd5+ Kf5 39. a4 g4+ 40. Kg3 Rc4 41. a5 Ra4 42. b4 1/2-1/2

[Event "London Classic op 7th"]
[Site "London"]
[Date "2015.12.05"]
[Round "3"]
[White "Chen, Pengyu"]
[Black "De Abreu, Roberto N"]
[Result "1-0"]
[WhiteElo "2289"]
[BlackElo "2056"]
[PlyCount "145"]
[EventDate "2015.12.04"]
[EventType "swiss"]
[EventRounds "9"]
[EventCountry "ENG"]
[SourceTitle "CBM 169 Extra"]
[Source "ChessBase"]
[SourceDate "2015.12.18"]
[SourceVersion "1"]
[SourceVersionDate "2015.12.18"]
[SourceQuality "1"]

1. d4 Nf6 2. c4 c5 3. d5 b5 4. Qc2 bxc4 5. e4 e6 6. Bxc4 exd5 7. exd5 Be7 8. Nf3 0-0 9. 0-0 d6 10. Nc3 Nbd7 11. Bf4 Nb6 12. b3 Bg4 13. Qd3 Nxc4 14. bxc4 Bh5 15. Rae1 Re8 16. Bg5 Bg6 17. Qe3 Qd7 18. h3 h6 19. Bh4 Ne4 20. Bxe7 Nxc3 21. Qxc3 Rxe7 22. Rxe7 Qxe7 23. Re1 Qd8 24. Qe3 Kf8 25. Qf4 Kg8 26. Re3 Rb8 27. Rb3 a5 28. Qh4 Qc7 29. Kh2 Kf8 30. Re3 Rb2 31. a3 a4 32. Qf4 Kg8 33. Nh4 Rb8 34. Nxg6 fxg6 35. Re6 g5 36. Qxd6 Qxd6+ 37. Rxd6 Rb3 38. Rc6 Rxa3 39. Rxc5 Rd3 40. Ra5 a3 41. Ra7 Kf8 42. f3 Rc3 43. d6 Ke8 44. Rxg7 Rxc4 45. Ra7 Rd4 46. Rxa3 Rxd6 47. Ra7 Kf8 48. Kg3 Kg8 49. h4 gxh4+ 50. Kxh4 Rb6 51. Kh5 Rc6 52. f4 Rb6 53. g4 Rc6 54. f5 Rb6 55. Re7 Rb4 56. Re6 Kg7 57. Rg6+ Kh7 58. Rxh6+ Kg7 59. Ra6 Rb7 60. Kg5 Rc7 61. Re6 Kg8 62. Kf6 Rf7+ 63. Ke5 Ra7 64. Rd6 Rb7 65. g5 Ra7 66. Ke6 Ra8 67. f6 Re8+ 68. Kf5 Kh8 69. Rd7 Ra8 70. Kg6 Rg8+ 71. Kh6 Rc8 72. Rh7+ Kg8 73. f7+ 1-0

[Event "Oceania zt"]
[Site "Cammeray"]
[Date "2015.07.09"]
[Round "8"]
[White "Chen, Pengyu"]
[Black "Dale, Ari"]
[Result "1-0"]
[WhiteElo "2247"]
[BlackElo "2344"]
[PlyCount "71"]
[EventDate "2015.07.04"]
[EventType "swiss"]
[EventRounds "9"]
[EventCountry "AUS"]
[SourceTitle "CBM 167 Extra"]
[Source "ChessBase"]
[SourceDate "2015.09.14"]
[SourceVersion "1"]
[SourceVersionDate "2015.09.14"]
[SourceQuality "1"]

1. d4 d5 2. c4 e6 3. Nc3 c5 4. cxd5 exd5 5. Nf3 Nc6 6. dxc5 d4 7. Na4 Bxc5 8. Nxc5 Qa5+ 9. Bd2 Qxc5 10. Rc1 Qb6 11. e3 Nf6 12. Bc4 0-0 13. 0-0 Be6 14. exd4 Bxc4 15. Rxc4 Qxb2 16. Qb1 Qxb1 17. Rxb1 Rab8 18. Ne5 Nxe5 19. dxe5 Nd5 20. Rd4 Rfd8 21. f4 b6 22. Rd1 Nc7 23. Be3 Ne6 24. Rd7 Rxd7 25. Rxd7 a5 26. f5 Nc5 27. Ra7 h5 28. Bxc5 bxc5 29. Rxa5 Rb2 30. a4 c4 31. Rc5 Rc2 32. a5 Ra2 33. Rc8+ Kh7 34. e6 fxe6 35. fxe6 Re2 36. a6 1-0

[Event "Oceania zt"]
[Site "Cammeray"]
[Date "2015.07.07"]
[Round "5"]
[White "Chen, Pengyu"]
[Black "Stead, Kerry"]
[Result "1-0"]
[WhiteElo "2247"]
[BlackElo "1966"]
[PlyCount "77"]
[EventDate "2015.07.04"]
[EventType "swiss"]
[EventRounds "9"]
[EventCountry "AUS"]
[SourceTitle "CBM 167 Extra"]
[Source "ChessBase"]
[SourceDate "2015.09.14"]
[SourceVersion "1"]
[SourceVersionDate "2015.09.14"]
[SourceQuality "1"]

1. d4 g6 2. c4 Bg7 3. e4 c5 4. d5 e5 5. Nc3 d6 6. g3 Ne7 7. h4 h5 8. Bh3 Na6 9. a3 Nc7 10. b4 b6 11. Bg5 f6 12. Be3 Bxh3 13. Nxh3 Qd7 14. f3 Bh6 15. Bxh6 Rxh6 16. Rb1 Nc8 17. Nf2 Rh7 18. Nd3 Kf8 19. Kf2 Ne8 20. Kg2 Ne7 21. Qd2 Rc8 22. bxc5 dxc5 23. f4 Nd6 24. fxe5 Nxc4 25. Qf4 Ng8 26. exf6 Qg4 27. e5 Nh6 28. e6 Nf5 29. Qxg4 Nce3+ 30. Kf3 Nxg4 31. Ne4 Rd8 32. e7+ Nxe7 33. fxe7+ Rxe7 34. Nf4 Kf7 35. Ng5+ Kf6 36. Nge6 Rb8 37. Rhe1 Rd7 38. Nxc5 Rc7 39. Ne4+ 1-0

[Event "Oceania zt"]
[Site "Cammeray"]
[Date "2015.07.07"]
[Round "6"]
[White "O'Chee, Kevin"]
[Black "Chen, Pengyu"]
[Result "0-1"]
[WhiteElo "2058"]
[BlackElo "2247"]
[PlyCount "88"]
[EventDate "2015.07.04"]
[EventType "swiss"]
[EventRounds "9"]
[EventCountry "AUS"]
[SourceTitle "CBM 167 Extra"]
[Source "ChessBase"]
[SourceDate "2015.09.14"]
[SourceVersion "1"]
[SourceVersionDate "2015.09.14"]
[SourceQuality "1"]

1. e4 c5 2. Nf3 Nc6 3. d4 cxd4 4. Nxd4 Nf6 5. Nc3 d6 6. Bc4 e5 7. Nde2 Be6 8. Bb3 Be7 9. 0-0 0-0 10. f4 b5 11. Ng3 Nd4 12. f5 Bxb3 13. axb3 b4 14. Nce2 Nc6 15. Kh1 a5 16. Be3 Rc8 17. Bg1 h5 18. Nc1 g6 19. Qd3 h4 20. Nge2 Kg7 21. Be3 h3 22. Ng3 Rh8 23. Nce2 hxg2+ 24. Kxg2 Qg8 25. h3 Qh7 26. Rh1 Rhd8 27. Bg5 d5 28. Bxf6+ Bxf6 29. exd5 Ne7 30. Rxa5 Nxf5 31. Nxf5+ gxf5 32. c4 e4 33. Qd2 Kh8 34. Ra6 Qh5 35. Kh2 Rg8 36. Rf1 Be5+ 37. Nf4 Qg5 38. Raa1 e3 39. Qe2 Bxf4+ 40. Kh1 Be5 41. Qf3 Rg6 42. Rg1 Qf4 43. Qxf4 Bxf4 44. Rgf1 Bg3 0-1

[Event "AUS-ch U18"]
[Site "Wahroonga"]
[Date "2014.01.12"]
[Round "1"]
[White "Chen, Pengyu"]
[Black "Qin, Tomson"]
[Result "1-0"]
[WhiteElo "2146"]
[BlackElo "1652"]
[PlyCount "49"]
[EventDate "2014.01.11"]
[EventType "swiss"]
[EventRounds "9"]
[EventCountry "AUS"]
[SourceTitle "CBM 158 Extra"]
[Source "ChessBase"]
[SourceDate "2014.02.28"]
[SourceVersion "1"]
[SourceVersionDate "2014.02.28"]
[SourceQuality "1"]

1. Nf3 Nf6 2. c4 g6 3. Nc3 d5 4. d4 e6 5. Bg5 Bg7 6. e3 0-0 7. Bd3 b6 8. 0-0 c6 9. Qe2 Nbd7 10. Rfc1 Ba6 11. b4 c5 12. cxd5 Bxd3 13. Qxd3 h6 14. Bh4 g5 15. dxe6 gxh4 16. exd7 cxb4 17. Ne4 Qxd7 18. Ne5 Qd5 19. Nxf6+ Bxf6 20. e4 Qd8 21. Nc6 Qd7 22. e5 Bg7 23. Nxb4 a5 24. Nc6 Rac8 25. Qf5 1-0

[Event "Australian op"]
[Site "Cammeray"]
[Date "2013.01.11"]
[Round "9"]
[White "Johansen, Darryl Keith"]
[Black "Chen, Pengyu"]
[Result "1-0"]
[WhiteElo "2441"]
[BlackElo "2121"]
[PlyCount "41"]
[EventDate "2013.01.02"]
[EventType "swiss"]
[EventRounds "11"]
[EventCountry "AUS"]
[SourceTitle "CBM 152 Extra"]
[Source "ChessBase"]
[SourceDate "2013.02.25"]
[SourceVersion "1"]
[SourceVersionDate "2013.02.25"]
[SourceQuality "1"]

1. c4 Nf6 2. Nc3 d5 3. cxd5 Nxd5 4. Nf3 g6 5. Qa4+ c6 6. Qd4 f6 7. e4 e5 8. Nxe5 Nxc3 9. Qxc3 Qe7 10. Nc4 Qxe4+ 11. Ne3 Bg7 12. Bc4 Nd7 13. 0-0 b5 14. d3 Qe5 15. d4 Qd6 16. Re1 Kd8 17. Bf1 f5 18. Bd2 Bxd4 19. Qc2 Bb7 20. Rad1 Qc5 21. Ba5+ 1-0

[Event "Australian op"]
[Site "Cammeray"]
[Date "2013.01.04"]
[Round "3"]
[White "Solomon, Stephen J"]
[Black "Chen, Pengyu"]
[Result "1-0"]
[WhiteElo "2410"]
[BlackElo "2121"]
[PlyCount "103"]
[EventDate "2013.01.02"]
[EventType "swiss"]
[EventRounds "11"]
[EventCountry "AUS"]
[SourceTitle "CBM 152 Extra"]
[Source "ChessBase"]
[SourceDate "2013.02.25"]
[SourceVersion "1"]
[SourceVersionDate "2013.02.25"]
[SourceQuality "1"]

1. e4 e5 2. Nf3 Nc6 3. Bb5 a6 4. Ba4 Nf6 5. 0-0 Be7 6. Re1 b5 7. Bb3 d6 8. c3 0-0 9. h3 Na5 10. Bc2 c5 11. d4 Nd7 12. Nbd2 exd4 13. cxd4 Nc6 14. d5 Nce5 15. Nxe5 Nxe5 16. a4 Rb8 17. axb5 axb5 18. f4 Ng6 19. Nf3 Bh4 20. Rf1 Bg3 21. f5 Ne5 22. Ng5 Nd7 23. e5 Bxe5 24. Nxh7 Nf6 25. Nxf8 Qxf8 26. Ra7 Bb7 27. g4 Bxd5 28. g5 Bd4+ 29. Kh2 Ne4 30. f6 Ra8 31. Re7 Re8 32. Rf5 Bc6 33. Bb3 d5 34. Rc7 Re5 35. fxg7 Qd6 36. Rc8+ Re8+ 37. Bf4 Qg6 38. Rxe8+ Bxe8 39. Rxd5 Bc6 40. Rd8+ Kxg7 41. Rxd4 cxd4 42. Qxd4+ Kf8 43. Qh8+ Ke7 44. Qe5+ Kf8 45. Qh8+ Ke7 46. Bc7 Be8 47. Qe5+ Kf8 48. Bd5 Nxg5 49. Bd6+ Kg8 50. Qxe8+ Kh7 51. Bf4 Qf5 52. Bxg5 1-0

[Event "World ol U16 11th"]
[Site "Istanbul"]
[Date "2012.09.03"]
[Round "7.16"]
[White "Chen, Pengyu"]
[Black "Felix Vega, Aurora Edith"]
[Result "0-1"]
[WhiteElo "2129"]
[BlackElo "1896"]
[PlyCount "68"]
[EventDate "2012.08.29"]
[EventType "team-swiss"]
[EventRounds "10"]
[EventCountry "TUR"]
[SourceTitle "CBM 150 Extra"]
[Source "ChessBase"]
[SourceDate "2012.10.19"]
[SourceVersion "1"]
[SourceVersionDate "2012.10.19"]
[SourceQuality "1"]
[WhiteTeam "Australia (U16)"]
[BlackTeam "Peru (U16)"]
[WhiteTeamCountry "AUS"]
[BlackTeamCountry "PER"]

1. d4 Nf6 2. c4 g6 3. Nc3 Bg7 4. e4 0-0 5. Nf3 d6 6. Be2 Nc6 7. d5 Nb4 8. 0-0 a5 9. h3 e6 10. Be3 exd5 11. exd5 Re8 12. a3 Na6 13. Rc1 Rxe3 14. fxe3 Qe7 15. e4 Nxe4 16. Nxe4 Qxe4 17. Qd2 Nc5 18. Rce1 Bf5 19. Bd1 Qxc4 20. g4 Be4 21. b3 Qxd5 22. Qxd5 Bxd5 23. Re3 Ne6 24. Kh2 Bh6 25. Rd3 Be4 26. Rc3 d5 27. g5 Bf8 28. Nd2 Bd6+ 29. Kg1 Nxg5 30. Nxe4 Nxe4 31. Rd3 c6 32. Re1 Bxa3 33. Bf3 Nc5 34. Rdd1 Nxb3 0-1

[Event "Sydney op"]
[Site "Parramatta"]
[Date "2012.04.11"]
[Round "1"]
[White "Chen, Pengyu"]
[Black "Vajda, Levente"]
[Result "0-1"]
[WhiteElo "2056"]
[BlackElo "2597"]
[PlyCount "132"]
[EventDate "2012.04.11"]
[EventType "swiss"]
[EventRounds "9"]
[EventCountry "AUS"]
[SourceTitle "CBM 148 Extra"]
[Source "ChessBase"]
[SourceDate "2012.06.22"]
[SourceVersion "1"]
[SourceVersionDate "2012.06.22"]
[SourceQuality "1"]

1. e4 e5 2. Nf3 d6 3. d4 exd4 4. Nxd4 Nf6 5. Nc3 Be7 6. Bf4 0-0 7. Qd2 a6 8. 0-0-0 b5 9. f3 c5 10. Nf5 Bxf5 11. exf5 Nc6 12. Bxd6 Qa5 13. Qf4 Bxd6 14. Rxd6 Nb4 15. a3 Nbd5 16. Qd2 Nxc3 17. Qxc3 Qc7 18. Rd2 Rad8 19. Rxd8 Rxd8 20. g3 Nd5 21. Qe1 c4 22. f4 c3 23. Qe5 Qd7 24. Bg2 cxb2+ 25. Kxb2 Nb6 26. Ka2 Nc4 27. Qc3 Qxf5 28. Re1 h6 29. Be4 Qd7 30. Bd3 Rc8 31. Bxc4 Rxc4 32. Qd3 Qxd3 33. cxd3 Rc2+ 34. Kb3 Rxh2 35. Kb4 Kf8 36. Ka5 Ra2 37. Kb4 Rc2 38. Ka5 Rc3 39. Kxa6 Rxa3+ 40. Kxb5 Rxd3 41. Rg1 Ke7 42. Kc4 Rd6 43. Ra1 h5 44. Ra5 g6 45. Kc3 Kf6 46. Kc2 Rd7 47. Rb5 Ra7 48. Kd2 Ra3 49. Rg5 Kg7 50. Ke2 f5 51. Kf2 Kf6 52. Ke2 Ra6 53. Kf2 Re6 54. Kf3 Ke7 55. Kf2 Kd6 56. Kf3 Kd5 57. Kf2 Ke4 58. Ke2 Rb6 59. Kf2 Ra6 60. Kg2 Ke3 61. Kh3 Kf2 62. Kh2 Rb6 63. Kh1 Rb1+ 64. Kh2 Rg1 65. Rxg6 h4 66. g4 fxg4 0-1

[Event "Doeberl Cup 50th"]
[Site "Canberra"]
[Date "2012.04.07"]
[Round "6"]
[White "Chen, Pengyu"]
[Black "Stojic, Dusan"]
[Result "0-1"]
[WhiteElo "2056"]
[BlackElo "2296"]
[PlyCount "78"]
[EventDate "2012.04.05"]
[EventType "swiss"]
[EventRounds "9"]
[EventCountry "AUS"]
[SourceTitle "CBM 147 Extra"]
[Source "ChessBase"]
[SourceDate "2012.04.24"]
[SourceVersion "1"]
[SourceVersionDate "2012.04.24"]
[SourceQuality "1"]

1. c4 c5 2. g3 Nf6 3. Bg2 d5 4. cxd5 Nxd5 5. Nc3 Nc7 6. Nf3 Nc6 7. 0-0 e5 8. a3 f6 9. d3 Be7 10. Ne1 0-0 11. Nc2 Be6 12. Bxc6 bxc6 13. Ne3 Nb5 14. Nc4 Rb8 15. Qa4 Qd7 16. Be3 Nd4 17. Rab1 Bh3 18. Rfe1 Qe6 19. Na5 Kh8 20. Qc4 Qd7 21. Bxd4 cxd4 22. Ne4 f5 23. Nc5 Qe8 24. b4 Rf6 25. Nab3 f4 26. f3 fxg3 27. hxg3 Qh5 28. Kf2 Rbf8 29. Nd2 Qh6 30. Nf1 Bxf1 31. Rxf1 Qe3+ 32. Kg2 Bxc5 33. bxc5 Qxe2+ 34. Rf2 Qe3 35. Rbf1 h5 36. Rh1 g6 37. Qc1 Qxd3 38. Qh6+ Kg8 39. g4 Rxf3 0-1